000 00582nam a2200229Ia 4500
003 OSt
005 20220918195038.0
006 a|||||r|||| 00| 0
007 ta
008 220917b |||||||| |||| 00| 0 eng d
024 _a83,130
037 _cTextual
040 _aARTS
_cARTS
_beng
041 _2eng
_aeng
082 _aS15:86, K7
100 _aCopel Sidney L
_988633
245 0 _aPsychodiagnostic study of children and adolescents
260 _c1967
650 _aPSYCHOLOGY
942 _hS15:86, K7
_cTEXL
_2CC
999 _c206845
_d206845